| 000 | 00484nam a2200205Ia 4500 | ||
|---|---|---|---|
| 003 | OSt | ||
| 005 | 20230403113305.0 | ||
| 008 | 210423s1985 xx 000 0 und d | ||
| 020 | _a0-00-617134-6 | ||
| 040 | _cAL | ||
| 041 | _aeng | ||
| 082 |
_a813.54 _223 _bTERS |
||
| 100 |
_aTERMAN (Douglas) _982510 |
||
| 245 | _aShell game | ||
| 260 |
_aUK _bWilliam Collins _c1985 |
||
| 300 |
_a539 _bPB |
||
| 650 |
_aAmerican Fiction _982511 |
||
| 906 | _agame ; Shell | ||
| 942 |
_2ddc _cBK |
||
| 999 |
_c169085 _d169085 |
||